| 000 | 004860000a22001930004500 | ||
|---|---|---|---|
| 020 | _a029490103 | ||
| 060 | _a100 | ||
| 082 | _a581.807 24 HAN.03 ;01 | ||
| 100 | _aAmmirato, Philip V | ||
| 100 | _aEvans, David A | ||
| 100 | _aSharp, William R | ||
| 100 | _aYamada, Yasu | ||
| 245 | _aHand book of plant cell culture V.3 Crop species | ||
| 260 | _aLondon, Mac Millan Company | ||
| 260 | _c1984 | ||
| 300 | _a620 | ||
| 650 | _aPlant cell culture /crop species | ||
| 942 | _cBK | ||
| 999 |
_c366574 _d366574 |
||